|
|
|
|
| LEADER |
00000cam a2200000 7i4500 |
| 001 |
0000001820 |
| 005 |
20020129.0 |
| 020 |
0 |
0 |
|a 9834053207
|
| 090 |
0 |
0 |
|a 338.959522
|b DEV (2001)
|
| 245 |
0 |
0 |
|a DEVELOPMENT in Sarawak :
|b an aerial perspective
|
| 260 |
0 |
0 |
|a Kuching, Sarawak :
|b State Planning Unit, Chief Minister's Department ,
|c (2001)
|
| 300 |
|
|
|a 208 p. :
|b col. ill., maps ;
|c 26 cm.
|
| 650 |
0 |
0 |
|a Economic development
|
| 651 |
0 |
0 |
|a Sarawak
|x Economic conditions
|
| 710 |
1 |
1 |
|a Sarawak ,
|c Jabatan Ketua Menteri. Unit Perancang Negeri
|
| 998 |
|
|
|a JPSM
|
| 999 |
|
|
|a 0000002867
|b Monograph
|c Open Shelf
|e Default branch
|